000
00318nam a2200109Ia 4500
008
171205s9999 xx 000 0 und d
020
_a
9780062430854
100
_a
Trigiani, Adriana.
245
_c
Adriana Trigiani
_a
All the Stars in the Heavens
260
_b
The Glory of Everything Company
_c
2015
300
_a
453 pages
999
_c
347375
_d
347375